000 00512 a2200241 4500
260 _aParis
630 _a51 - Mathematiques
650 _a5 - SCIENCES EXACTES ET NATURELLES
100 _aSchwartz, Laurent
260 _bHermann
300 _aMultiple
245 _aCours d'analyse
650 _aAlgèbre
650 _aCalcul différentiel
260 _c1967
300 _b24 cm
100 _lFr
037 _aS1384
037 _aS0877
020 _a2-7056-5764-9
999 _c32903
_d32903